000 00323nam a22001217a 4500
020 _a9789350416778
082 _a004
_bSAH/C
100 _aREETA SAHOO, GAGAN SAHOO
245 _aSARASWATI COMPUTER SCIENCE WITH PYTHON
_bCLASS XI
260 _aNEW DELHI
_bSARASWATI HOUSE PVT LTD
650 _aCS FOR CLASS XI
_zINDIA
942 _cBK
999 _c564
_d564